01029 2200325 4500001002100000005001500021035002000036007000300056008004100059020002200100082001500122084001700137100002900154245012600183250003500309300004600344650002400390700002900414700002200443700003000465264004000495336002100535337003000556338002300586040002200609090002000631850001200651990002000663990002000683INLIS00000000087466020221006022035 a0010-1022000103ta221006b2021 jtia f ind d a978-602-1243-80-004223a297.18 a297.18 SAY s0 aSayid Al Bulkepengarang10a10 kisah populer dalam Al-qur'an /cSayid Al Bulk; penerjemah, Inay Nazahah; penyunting, Rendi; ilustrator, Azimah Studio aCetakan pertama, Desember 2021 a72 halaman :bilustrasi berwarna ;c24 cm 4aCerita-cerita Islam0 aInay Nazahahepenerjemah0 aRendiepenyunting0 aAzimah Studioeilustrator31aSukoharjo :bPQS Sumber Ilmu,c2021 2rdacontentateks 2rdamediaatanpa perantara 2rdacarrieravolume aYOPDYOGbinderda aPK 297.18 SAY s aYOPDYOG a69221-PD/A.2022 a69222-PD/A.2022